000 00262nam a2200097Ia 4500
008 220204s9999 xx 000 0 und d
082 _a613.4(03)
_bMAR
245 0 _aMind alive encyclopedia: Mind and body
260 _aLondon
_bMarshall Cavendish
_c1977
942 _cBK
999 _c27424
_d27424